<?xml version="1.0" encoding="UTF-8"?>
<record
    xmlns:xsi="http://www.w3.org/2001/XMLSchema-instance"
    xsi:schemaLocation="http://www.loc.gov/MARC21/slim http://www.loc.gov/standards/marcxml/schema/MARC21slim.xsd"
    xmlns="http://www.loc.gov/MARC21/slim">

  <leader>01167nam a22002657a 4500</leader>
  <controlfield tag="005">20120525125246.0</controlfield>
  <controlfield tag="008">081117t        xxu||||| |||| 00| 0 hin d</controlfield>
  <datafield tag="010" ind1=" " ind2=" ">
    <subfield code="a"> </subfield>
  </datafield>
  <datafield tag="020" ind1=" " ind2=" ">
    <subfield code="c">00.00</subfield>
    <subfield code="a"> </subfield>
  </datafield>
  <datafield tag="035" ind1=" " ind2=" ">
    <subfield code="a">A-778844-45</subfield>
  </datafield>
  <datafield tag="037" ind1=" " ind2=" ">
    <subfield code="b">DBAD / PUB</subfield>
  </datafield>
  <datafield tag="040" ind1=" " ind2=" ">
    <subfield code="a">DPL</subfield>
    <subfield code="b">HN</subfield>
  </datafield>
  <datafield tag="082" ind1=" " ind2=" ">
    <subfield code="a">574</subfield>
  </datafield>
  <datafield tag="100" ind1=" " ind2=" ">
    <subfield code="a">&#x935;&#x930;&#x94D;&#x92E;&#x93E; &#x924;&#x925;&#x93E; &#x92C;&#x928;&#x930;&#x94D;&#x91C;&#x940; </subfield>
    <subfield code="9">47898</subfield>
  </datafield>
  <datafield tag="245" ind1=" " ind2=" ">
    <subfield code="a">&#x939;&#x93E;&#x908; &#x938;&#x94D;&#x915;&#x942;&#x932; &#x91C;&#x940;&#x935;&#x935;&#x93F;&#x91C;&#x94D;&#x91E;&#x93E;&#x928;   /</subfield>
    <subfield code="c">&#x935;&#x930;&#x94D;&#x92E;&#x93E; &#x924;&#x925;&#x93E; &#x92C;&#x928;&#x930;&#x94D;&#x91C;&#x940; </subfield>
  </datafield>
  <datafield tag="246" ind1=" " ind2=" ">
    <subfield code="a">haaii school jivavigyaana </subfield>
    <subfield code="b"> by  Banerjee </subfield>
  </datafield>
  <datafield tag="260" ind1=" " ind2=" ">
    <subfield code="a">&#x92A;&#x91F;&#x928;&#x93E; </subfield>
    <subfield code="b">&#x92D;&#x93E;&#x930;&#x924;&#x940; &#x92D;&#x935;&#x928; </subfield>
    <subfield code="c">1991</subfield>
  </datafield>
  <datafield tag="270" ind1=" " ind2=" ">
    <subfield code="a">&#x920;&#x93E;&#x915;&#x941;&#x930;&#x92C;&#x93E;&#x921;&#x93C;&#x940; &#x930;&#x94B;&#x921;&#x93C;, &#x915;&#x926;&#x92E;&#x915;&#x941;&#x906;&#x901;,</subfield>
    <subfield code="b">&#x92A;&#x91F;&#x928;&#x93E; </subfield>
    <subfield code="e">800003</subfield>
  </datafield>
  <datafield tag="300" ind1=" " ind2=" ">
    <subfield code="a">322&#x92A;&#x943;.</subfield>
    <subfield code="c">22&#x938;&#x947;&#x92E;&#x940; (&#x938;&#x91C;&#x93F;&#x932;&#x94D;&#x926;)</subfield>
  </datafield>
  <datafield tag="650" ind1=" " ind2=" ">
    <subfield code="a">&#x91C;&#x940;&#x935; &#x935;&#x93F;&#x91C;&#x94D;&#x91E;&#x93E;&#x928;</subfield>
    <subfield code="9">47899</subfield>
  </datafield>
  <datafield tag="650" ind1=" " ind2=" ">
    <subfield code="a">Biology</subfield>
    <subfield code="9">47900</subfield>
  </datafield>
  <datafield tag="942" ind1=" " ind2=" ">
    <subfield code="2">ddc</subfield>
    <subfield code="c">HN</subfield>
    <subfield code="m">&#x935;&#x930;&#x94D;&#x92E;&#x93E;&#x92C; </subfield>
    <subfield code="h">574</subfield>
  </datafield>
  <datafield tag="999" ind1=" " ind2=" ">
    <subfield code="c">67150</subfield>
    <subfield code="d">67150</subfield>
  </datafield>
  <datafield tag="952" ind1=" " ind2=" ">
    <subfield code="0">0</subfield>
    <subfield code="1">0</subfield>
    <subfield code="2">ddc</subfield>
    <subfield code="4">0</subfield>
    <subfield code="7">0</subfield>
    <subfield code="8">NFIC</subfield>
    <subfield code="a">ZLS</subfield>
    <subfield code="b">ZLS</subfield>
    <subfield code="d">2012-05-25</subfield>
    <subfield code="l">0</subfield>
    <subfield code="o">574 &#x935;&#x930;&#x94D;&#x92E;&#x93E;&#x92C;</subfield>
    <subfield code="p">A-778844</subfield>
    <subfield code="r">2012-05-25 00:00:00</subfield>
    <subfield code="w">2012-05-25</subfield>
    <subfield code="y">HN</subfield>
  </datafield>
  <datafield tag="952" ind1=" " ind2=" ">
    <subfield code="0">0</subfield>
    <subfield code="1">0</subfield>
    <subfield code="2">ddc</subfield>
    <subfield code="4">0</subfield>
    <subfield code="7">0</subfield>
    <subfield code="8">NFIC</subfield>
    <subfield code="a">ZLS</subfield>
    <subfield code="b">ZLS</subfield>
    <subfield code="d">2012-05-25</subfield>
    <subfield code="l">0</subfield>
    <subfield code="o">574 &#x935;&#x930;&#x94D;&#x92E;&#x93E;&#x92C;</subfield>
    <subfield code="p">A-778845</subfield>
    <subfield code="r">2012-05-25 00:00:00</subfield>
    <subfield code="w">2012-05-25</subfield>
    <subfield code="y">HN</subfield>
  </datafield>
</record>
